Don't Look Back In Anger - Oasis (All Lyrics) - Statistics

General Stats
  • This quiz has been taken 796 times
  • The average score is 236 of 282
Answer Stats
Lyrics % Correct
I
100%
a
99%
in
99%
n'
99%
don't
98%
you
98%
to
97%
the
96%
know
95%
so
95%
look
94%
say
93%
your
93%
anger"
92%
anger,
92%
back
92%
it
92%
she
92%
by
91%
can
91%
of
91%
Sally
91%
wait
91%
heard
90%
its
90%
it's
90%
knows
90%
late
90%
place
90%
too
90%
away
89%
my
89%
that
88%
said
86%
and
85%
better
85%
from
85%
go
85%
on
85%
where
85%
mind
84%
walking
84%
but
83%
"but
83%
eye
83%
find
83%
inside
83%
start
83%
never
82%
revolution
82%
all
81%
as
81%
might
81%
bed
80%
take
80%
head
79%
out
79%
play
79%
face
78%
heart
78%
'cause
76%
off
76%
gonna
75%
me
75%
nobody
74%
slip
73%
we're
73%
soul
72%
things
72%
had
71%
slides
71%
went
71%
fireplace
70%
rock
70%
she's
70%
you've
70%
roll
69%
seen
69%
step
69%
fade
68%
if
68%
ain't
67%
band
67%
been
67%
her
67%
not
67%
day
66%
outside,
66%
outside
66%
slowly
66%
brains
65%
ever
65%
hands
65%
stand
65%
beside
64%
life
64%
please
64%
put
64%
up
64%
summertime's
62%
bloom
61%
burn
61%
throw
60%
today
57%
or
55%
you'd
55%
night
53%
will
50%
at
45%
least
43%
who'll
36%
No matching quizzes found
Score Distribution
Percent of People with Each Score
Percentile by Number Answered
Your Score History
You have not taken this quiz